| 000 | 00792 a2200205 4500 | ||
|---|---|---|---|
| 999 |
_c7916 _d7916 |
||
| 020 | _a9781473916074 | ||
| 020 | _a9781473916081 (pbk) | ||
| 050 | 0 | 0 | _aLB 1556.7 PRI 2015 |
| 245 | 1 | 0 |
_aPrimary professional studies / _cEdited by Alice Hansen. |
| 250 | _aThird edition. | ||
| 264 | 1 |
_aLos Angeles : _bSage, _c[2015] |
|
| 300 |
_aix, 330 : _billustrations ; |
||
| 500 | _aIncludes bibliographical references and index. | ||
| 504 | _aIncludes bibliographical references and index. | ||
| 650 | 0 | _aElementary school teaching | |
| 650 | 0 |
_aElementary school teachers _xInservice training |
|
| 700 | 1 |
_aHansen, Alice, _eeditor. |
|
| 942 |
_2lcc _cBK _h1556.7 PRI _iPRI _kLB |
||